[Event "Netanya op"]
[Site "Netanya"]
[Date "2019.06.23"]
[Round "1"]
[White "Marques, Don"]
[Black "Hasidovsky, Michael"]
[Result "0-1"]
[WhiteElo "1149"]
[BlackElo "2135"]
[PlyCount "39"]
[EventDate "2019.06.23"]
[EventType "swiss"]
[EventRounds "9"]
[EventCountry "ISR"]
[SourceTitle "CBM 191 Extra"]
[Source "ChessBase"]
[SourceDate "2019.09.30"]
[SourceVersion "1"]
[SourceVersionDate "2019.09.30"]
[SourceQuality "1"]

1. e4 c5 2. Bc4 e6 3. Nc3 a6 4. a3 b5 5. Ba2 Bb7 6. d3 Be7 7. Be3 d5 8. exd5 exd5 9. d4 c4 10. b3 Bxa3 11. Qf3 Bb2 12. Nxd5 Bxd5 13. Qg4 Nf6 14. Qxg7 Rg8 15. Qh6 Bxa1 16. Ne2 Rg6 17. Qh4 Qa5+ 18. Bd2 Qxa2 19. 0-0 Rxg2+ 20. Kh1 0-1